Verbes forts (Prétérit en a) - Suédois - Statistiques

Statistiques générales
  • Ce quiz a été pris 2 fois
  • Le résultat moyen est 38 sur 112
Statistiques - réponses
Temps Infinitif Réponse % Correct
Participe -
100%
Infinitif/Présent vara är
100%
Infinitif/Présent be ber
100%
Traduction être
100%
Infinitif/Présent ge ger
100%
Prétérit var
100%
Participe varit
100%
Prétérit bad
50%
Prétérit band
50%
Infinitif/Présent bära bär
50%
Prétérit bar
50%
Participe bett
50%
Infinitif/Présent binda binder
50%
Traduction boire
50%
Prétérit brann
50%
Prétérit brast
50%
Infinitif/Présent brinna brinner
50%
Infinitif/Présent brista brister
50%
Participe brunnit
50%
Participe brustit
50%
Participe bundit
50%
Traduction courir
50%
Traduction disparaïtre
50%
Traduction donner
50%
Prétérit drack
50%
Infinitif/Présent dricka dricker
50%
Participe druckit
50%
Prétérit fann
50%
Prétérit fanns
50%
Infinitif/Présent finna finner
50%
Infinitif/Présent finnas finns
50%
Prétérit försvann
50%
Infinitif/Présent försvinna försvinner
50%
Participe försvunnit
50%
Participe funnit
50%
Participe funnits
50%
Traduction gagner
50%
Prétérit gav
50%
Participe gett
50%
Prétérit hann
50%
Infinitif/Présent hinna hinner
50%
Participe hunnit
50%
Traduction nager
50%
Traduction porter
50%
Traduction prier
50%
Prétérit rann
50%
Infinitif/Présent rinna rinner
50%
Participe runnit
50%
Prétérit satt
50%
Traduction se trouver
50%
Infinitif/Présent simma simmar
50%
Infinitif/Présent sitta sitter
50%
Prétérit slapp
50%
Infinitif/Présent slippa slipper
50%
Participe sluppit
50%
Prétérit spann
50%
Infinitif/Présent spinna spinner
50%
Prétérit sprack
50%
Prétérit sprang
50%
Prétérit spratt
50%
Infinitif/Présent spricka spricker
50%
Infinitif/Présent springa springer
50%
Infinitif/Présent spritta spritter
50%
Participe spruckit
50%
Participe sprungit
50%
Participe spunnit
50%
Participe suttit
50%
Traduction trouver
50%
Traduction affamer/avoir faim
0%
Traduction attacher
0%
Traduction avoir le temps de
0%
Traduction brûler
0%
Participe burit
0%
Traduction couper
0%
Traduction craquer/se fendre
0%
Traduction échapper à
0%
Traduction éclater
0%
Traduction être assis
0%
Traduction filer
0%
Traduction fondre
0%
Traduction obliger
0%
Traduction piquer
0%
Traduction s'écouler
0%
Prétérit simmade (sam)
0%
Participe simmat (summit)
0%
Prétérit skälvde
0%
Infinitif/Présent skälva skälver
0%
Participe skälvt
0%
Infinitif/Présent skära skär
0%
Prétérit skar
0%
Participe skurit
0%
Infinitif/Présent smälta smälter
0%
Prétérit smälte (smalt)
0%
Participe smält (smultit)
0%
Prétérit stack
0%
Prétérit stal
0%
Infinitif/Présent sticka sticker
0%
Infinitif/Présent stjäla stjäl
0%
Participe stuckit
0%
Participe stulit
0%
Prétérit svalt
0%
Infinitif/Présent svälta svälter
0%
Participe svultit
0%
Traduction trembler
0%
Traduction tressaillir
0%
Prétérit tvingade (tvang)
0%
Infinitif/Présent tvinga tvingar
0%
Participe tvingat (tvungit)
0%
Prétérit vann
0%
Infinitif/Présent vinna vinner
0%
Traduction voler/dérober
0%
Participe vunnit
0%
Aucun quiz correspondant
Distribution des résultats
% des personnes avec chaque résultat
Percentile par nombre de réponses
Votre historique - résultats
Vous n’avez pas pris ce quiz